000 00870nam a2200289Ia 4500
005 20250425161901.0
008 250425s9999 xx 000 0 und d
020 _a9684513127
041 _aspa
043 _amx
082 _a658.403
100 _aGALLAGHER, CHARLES A.
245 0 _aMETODOS CUANTITATIVOS PARA LA TOMA DE DECISIONES EN ADMINISTRACION
250 _a1A ED.
260 _aMéxico
_bMCGRAW-HILL INTERAMERICANA DE MEXICO, S.A.
_c1982
260 _aS.L.
300 _a612
500 _aTítulo Traducido: QUANTITATIVE METTODS FOR BUSINESS DECISIONS
650 _aMETODOS CUANTITATIVOS
650 _aPROGRAMACION LINEAL
650 _aTEORIA DE LOS JUEGOS
650 _aTOMA DE DECISIONES
700 _aMARCIA GONZALEZ OSUNA
_etraductor
710 _aMCGRAW-HILL INTERAMERICANA DE MEXICO, S.A. DE C.V.
942 _c01
010 _a33632
999 _c218085
_d218085